书目信息 |
| 题名: |
建筑力学
|
|
| 作者: | 黄绍平 主编 | |
| 分册: | ||
| 出版信息: | 北京 中国水利水电出版社 2008.02 |
|
| 页数: | 319页 | |
| 开本: | 26cm | |
| 丛书名: | ||
| 单 册: | ||
| 中图分类: | TU311 | |
| 科图分类: | ||
| 主题词: | 建筑力学--jian zhu li xue--高等学校--教材 | |
| 电子资源: | ||
| ISBN: | 978-7-5084-5204-3 | |
| 000 | 00894nam0 2200253 450 | |
| 001 | 012008254589 | |
| 005 | 20091215162759.20 | |
| 010 | @a978-7-5084-5204-3@dCNY45.80 | |
| 100 | @a20080423d2008 em y0chiy0120 ea | |
| 101 | 0 | @achi |
| 102 | @aCN@b110000 | |
| 105 | @aa a 000yy | |
| 106 | @ar | |
| 200 | 1 | @a建筑力学@Ajian zhu li xue@f黄绍平主编@Fhuang shao ping zhu bian |
| 210 | @a北京@c中国水利水电出版社@d2008.02 | |
| 215 | @a319页@c图@d26cm | |
| 300 | @a高等院校“十一五”精品规划教材 | |
| 320 | @a有书目 (第319页) | |
| 330 | @a本书共三篇二十一章,包括绪论、第一篇静力学、第二篇材料力学、第三篇结构力学。本书主要内容有:静力学基础知识、平面汇交力系、力矩与平面力偶系、平面一般力系等。 | |
| 606 | 0 | @a建筑力学@Ajian zhu li xue@x高等学校@j教材 |
| 690 | @aTU311@v4 | |
| 701 | 0 | @a黄绍平@Ahuang shao ping@4主编 |
| 801 | 0 | @aCN@bQSSK@c20091215 |
| 905 | @b296878-80@dTU311@eH880@f3 | |
| 建筑力学/黄绍平主编.-北京:中国水利水电出版社,2008.02 |
| 319页:图;26cm |
| 高等院校“十一五”精品规划教材 |
| ISBN 978-7-5084-5204-3:CNY45.80 |
| 本书共三篇二十一章,包括绪论、第一篇静力学、第二篇材料力学、第三篇结构力学。本书主要内容有:静力学基础知识、平面汇交力系、力矩与平面力偶系、平面一般力系等。 |
| ● |
| 相关链接 |
|
|
|
正题名:建筑力学
索取号:TU311/H880
 
预约/预借
| 序号 | 登录号 | 条形码 | 馆藏地/架位号 | 状态 | 备注 |
| 1 | 296878 | 202968789 | 建筑库101/101建筑库 77排3列1层/ [索取号:TU311/H880] | 在馆 | |
| 2 | 296879 | 202968798 | 建筑库101/101建筑库 77排3列1层/ [索取号:TU311/H880] | 在馆 | |
| 3 | 296880 | 202968805 | 自科二线404/404自科库 4排3列5层/ [索取号:TU311/H880] | 在馆 |